Türkiye Cumhuriyeti Atatürk'ün eseridir (Record no. 8056)

MARC details
000 -BAŞLIK
Sabit Uzunlukta Kontrol Alanı 00992na a2200289 4500
001 - KONTROL NUMARASI
Denetim Alanı 14195
003 - KONTROL NUMARASI IDENTIFIER
Denetim Alanı MIRAKIL
005 - SON İŞLEM TARİHİ VE ZAMANI
Denetim Alanı 20181213155158.0
008 - SABİT-BOY VERİ ELEMANLARI - GENEL BİLGİLER
Sabit Uzunlukta Kontrol Alanı 161019b tu 000 0
035 ## - SİSTEM KONTROL NUMARASI
Sistem Kontrol Numarası 14195
040 ## - KATALOGLAMA KAYNAK
Orijinal Kataloglama Ajansı Milas
Kataloglama Dili tur
Metne Dönüştürmek Ajansı TR-AnCHP
041 ## - DİL KODU
Metin / Ses Parça Veya Ayrı Başlığın Dil Kodu tur
082 ## - DEWEY ONLU SINIFLANDIRMA NUMARASI
Sınıflandırma Numarası ATA 355
Ürün Numarası S85t 1997
090 ## - SINIFLAMA NUMARASI
Sınıflama Numarası ATA 355 S85t 1997
100 ## - ANA GİRİŞ - KİŞİSEL İSİM
Kişisel Ad Suner, Hikmet
245 ## - BAŞLIK TABLOSU
Başlık Türkiye Cumhuriyeti Atatürk'ün eseridir
Başlığın Kalan Atatürk'ün inkılaplarını benimsemek
Sorumluluk Tablosu, Vb Hikmet Suner
260 ## - YAYIN, DAĞITIM, VB
Yayın, Dağıtım, Vb Yeri İstanbul
Yayıncı, Dağıtıcı, Vs Adı [yayl.y.]
Yayın, Dağıtım, Vb Tarihi 1997
300 ## - FİZİKSEL TANIM
Kapsam 2 c.
Boyutlar 20 sm.
490 ## - SERİSİ TABLOSU
Seri Beyanı Hikmet Suner'in Yayınlanmış Kitapları
Hacim / Ardışık Tanımı 4-5
500 ## - GENEL NOT
Genel Not Yapıt yazarından imzalıdır.
505 ## - BİÇİMLENDİRİLDİ İÇİNDEKİLER NOT
Biçimlendirilmiş İçeriği Dikkat c.2: Atatürk'ün inkılaplarını benimsemek. 2. cilt kısaltılmıştır.
600 ## - KONU KATMA GİRİŞ - KURUMSAL ADI
Kişisel Ad Atatürk, Mustafa Kemal
Bir Adıyla İlişkilendirilen Tarihler 1881-1938
Genel Alt Bölümü Atatürk devrimleri
600 ## - KONU KATMA GİRİŞ - KURUMSAL ADI
Kişisel Ad Atatürk, Mustafa Kemal
Bir Adıyla İlişkilendirilen Tarihler 1881-1938
Genel Alt Bölümü Askeri kişilik
650 ## - KONU KATMA GİRİŞ - TOPİKAL DÖNEM
Topikal Süreli Veya Coğrafi Ad Giriş Elemanı Atatürk devrimleri
Coğrafi Alt Bölümü Türkiye
651 ## - KONU KATMA GİRİŞ - COĞRAFİ ADI
Coğrafi İsim Türkiye
Genel Alt Bölümü Siyasal tarih
942 ## - EKLENDİ GİRİŞ ELEMANLARI (KOHA)
Sınıflandırma Veya Raf Düzeni Kaynak
Koha Öğesi Türü Books
999 ## - SİSTEM KONTROL NUMARALARI (KOHA)
Koha Biblionumber 8056
Koha Biblioitemnumber 8056
Holdings
Kalıcı Konum Mevcut Konum Edinme Tarihi Edinim Kaynak Toplam Check-Out'Lar Tam Çağrı Numarası Barkod Tarih Son Görülme İtibaren Geçerli Fiyatlar Koha Öğesi Türü
CHP Kütüphanesi CHP Kütüphanesi 08/25/2016 Bağış   ATA 355 S85t 1997 002141 08/25/2016 08/25/2016 Books
CHP Kütüphanesi CHP Kütüphanesi 08/30/2016 Bağış   ATA 355 S85t 1997 002142 08/30/2016 08/30/2016 Books